01111cam a22003011 4500001001300000003000400013005001700017008004100034010001700075035001900092040004700111042001200158043001200170050002300182082001200205110004100217245011300258260002500371300004100396490002600437500016500463504002900628650003700657650001500694700002200709810006100731999001700792e 43000028 DLC20260227111231.0790829s1942 lauag s000 0 eng c ae 43000028  a(OCoLC)5323924 aU.S. Off. of educ. LibrarycLUdOCoLCdDLC apremarc an-us-la00aL154b.B32 no. 470 a372.2411 aLouisiana.bDepartment of Education.10aGuide for teaching in the primary grades.cIssued by John E. Coxe, state superintendent of public education. aBaton Rouge,c[1942] a678 p.billus. (incl. music)c23 cm.1 aIts Bulletinvno. 470 a"Prepared under the direction of R. R. Ewerz, director of instructional supervision, and by Miss Alma Schmalzrid, state supervisor of primary education."--p. 6. aIncludes bibliographies. 0aEducationzLouisianaxCurricula. 0aEducation.1 aSchmalzrid, Alma.1 aLouisiana.bDepartment of Education.tBulletinvno. 470. c21915d21915